000 00664nam a22002537a 4500
003 UA-OsUOA
001 21156
007 ta
008 20031120b un ||||| |||| 00| 0 ukr d
100 _aСелюченко М.І.
090 _a77:94(4)"1939/1945"
_bС29
942 _cBK
040 _aUA-OsUOA
_bukr
_cUA-OsUOA
_dUA-OsUOA
245 _aШляхи перемоги
_bФотоальбом
300 _a312 с.
_bІлюстрації
955 _a0
041 _aukr
080 _a77:94(4)"1939/1945"
020 _a5-7707-7763-Х
260 _aКиїв
_bСпалах ЛТД
_c1995
044 _aUA
650 7 _2UDC
999 _c307349
_d307349